El maestro ignorante : (Registro nro. 2930)
[ vista simple ]
| 000 -CABECERA | |
|---|---|
| campo de control de longitud fija | 02731nam a22003137a 4500 |
| 003 - IDENTIFICADOR DEL NÚMERO DE CONTROL | |
| campo de control | AR-RoIUNI |
| 005 - FECHA Y HORA DE LA ÚLTIMA TRANSACCIÓN | |
| campo de control | 20210318092537.0 |
| 007 - CAMPO FIJO DE DESCRIPCIÓN FÍSICA--INFORMACIÓN GENERAL | |
| campo de control de longitud fija | ta |
| 008 - DATOS DE LONGITUD FIJA--INFORMACIÓN GENERAL | |
| campo de control de longitud fija | 151117s2010 sp |||||r|||| 00| 0 spa d |
| 020 ## - NÚMERO INTERNACIONAL ESTÁNDAR DEL LIBRO | |
| Número Internacional Estándar del Libro | 9788475847139 |
| 040 ## - FUENTE DE LA CATALOGACIÓN | |
| Centro/agencia transcriptor | AR-RoIUNI |
| 080 ## - NÚMERO DE LA CLASIFICACIÓN DECIMAL UNIVERSAL | |
| Número de la Clasificación Decimal Universal | 37.01 |
| 100 1# - ENTRADA PRINCIPAL--NOMBRE DE PERSONA | |
| Nombre de persona | Rancière, Jacques, |
| Fechas asociadas al nombre | 1940- |
| 245 13 - MENCIÓN DE TÍTULO | |
| Título | El maestro ignorante : |
| Resto del título | cinco lecciones sobre la emancipación intelectual / |
| Mención de responsabilidad, etc. | Jacques Rancière ; traducción de Núria Estrach. |
| 250 ## - MENCIÓN DE EDICIÓN | |
| Mención de edición | 2ª ed. |
| 260 ## - PUBLICACIÓN, DISTRIBUCIÓN, ETC. (PIE DE IMPRENTA) | |
| Lugar de publicación, distribución, etc. | Barcelona : |
| Nombre del editor, distribuidor, etc. | Laertes, |
| Fecha de publicación, distribución, etc. | 2010. |
| 300 ## - DESCRIPCIÓN FÍSICA | |
| Extensión | 184 p. ; |
| Dimensiones | 20 cm. |
| 490 0# - MENCIÓN DE SERIE | |
| Mención de serie | Laertes Educación ; |
| Designación de volumen o secuencia | 104 |
| 500 ## - NOTA GENERAL | |
| Nota general | Traducción de: Le maître ignorant : cinq leçons sur l'émancipation intellectuelle. |
| 505 0# - NOTA DE CONTENIDO CON FORMATO | |
| Nota de contenido con formato | I. Una aventura intelectual -- El orden explicador -- El azar y la voluntad -- El Maestro emancipador -- El círculo del poder -- II. La lección del ignorante -- La isla del libro. Calipso y el cerrajero -- El maestro y Sócrates -- El poder del ignorante -- Lo propio de cada uno -- El ciego y su perro -- Todo está en todo -- III. La razón de los iguales -- De los cerebros y de las hojas -- Un animal atento -- Una voluntad servida por una inteligencia -- El principio de veracidad -- La razón y el lenguaje -- Y yo también, ¡soy pintor! -- La lección de los poetas -- La comunidad de los iguales -- IV. La sociedad del menosprecio -- Las leyes de la gravedad -- La pasión de la desigualdad -- La locura retórica -- Los inferiores superiores -- El rey filósofo y el pueblo soberano -- Cómo desrazonar razonablemente -- La palabra sobre Aventino -- V. El emancipador y su mono -- El método emancipador y el método socia -- La amancipación de los hombres y la instrucción del pueblo -- Los hombres del progreso -- De las ovejas y de los hombres -- El círculo de los progresivos -- Sobre la cabeza del pueblo -- El triunfo del Viejo -- La sociedad pedagogizada -- Los cuentos de la panecástica -- La tumba de la emancipación. |
| 520 ## - SUMARIO, ETC. | |
| Sumario, etc. | Rancière aborda la historia del maestro Jacotot, que afirma que puede enseñarse sin saber, y elabora un tratado sobre la igualdad, que supone una crítica a las relaciones pedagógicas construidas por la modernidad: la educación escolar y profesoral es vista como embrutecimiento, en contra del mito pedagógico que siempre se creyó igualitario y emancipador y se cuestiona la figura del intelectual crítico como reproductor de la misma desigualdad que critica |
| 600 #4 - PUNTO DE ACCESO ADICIONAL DE MATERIA--NOMBRE DE PERSONA | |
| Nombre de persona | JACOTOT, JEAN-JOSEPH |
| Fechas asociadas al nombre | 1770-1840 |
| Subdivisión general | CRÍTICA E INTERPRETACIÓN |
| 650 #4 - PUNTO DE ACCESO ADICIONAL DE MATERIA--TÉRMINO DE MATERIA | |
| Término de materia o nombre geográfico como elemento inicial | PSICOLOGÍA |
| 9 (RLIN) | 108 |
| 650 #4 - PUNTO DE ACCESO ADICIONAL DE MATERIA--TÉRMINO DE MATERIA | |
| Término de materia o nombre geográfico como elemento inicial | LÓGICA Y EPISTEMOLOGÍA |
| 650 #4 - PUNTO DE ACCESO ADICIONAL DE MATERIA--TÉRMINO DE MATERIA | |
| Término de materia o nombre geográfico como elemento inicial | FILOSOFÍA |
| Subdivisión general | ENSAYO FRANCES |
| 650 #4 - PUNTO DE ACCESO ADICIONAL DE MATERIA--TÉRMINO DE MATERIA | |
| Término de materia o nombre geográfico como elemento inicial | EDUCACIÓN |
| Subdivisión general | FILOSOFÍA |
| 700 1# - PUNTO DE ACCESO ADICIONAL--NOMBRE DE PERSONA | |
| Nombre de persona | Estrach, Núria. |
| 942 ## - ELEMENTOS DE PUNTO DE ACCESO ADICIONAL (KOHA) | |
| Fuente del sistema de clasificación o colocación | Clasificación Decimal Universal |
| Tipo de ítem Koha | Libros |
| Estado de retiro | Estado de pérdida | Fuente del sistema de clasificación o colocación | Estado dañado | Excepción de préstamo | Código de colección | Localización permanente | Ubicación/localización actual | Ubicación en estantería | Fecha de adquisición | Número de inventario | Total de préstamos | Signatura topográfica completa | Código de barras | Fecha visto por última vez | Fecha del último préstamo | Número de copia | Precio válido a partir de | Tipo de ítem Koha |
|---|---|---|---|---|---|---|---|---|---|---|---|---|---|---|---|---|---|---|
| Clasificación Decimal Universal | Psicología | BIBLIOTECA RIOBAMBA | BIBLIOTECA RIOBAMBA | BIBLIOTECA RIOBAMBA | 17/11/2015 | 2958 | 1 | 37.01 RAN | 2958 | 11/11/2016 | 31/10/2016 | 1 | 17/11/2015 | Libros |

